House buying in Malaysia

Bibliographic Details
Main Author: Marbeck, A. B.
Format: Book
Published: Kuala Lumpur : Berita Publishing , 1994
Subjects:

MARC

LEADER 00000cam a2200000 7i4500
001 0000003344
005 20050622.0
020 |a 9679693260 
040 |a INS 
090 0 0 |a HS1379.   |b M27 1994 
100 1 |a Marbeck, A. B. 
245 1 0 |a House buying in Malaysia   |c A. B. Marbeck 
260 |a Kuala Lumpur :   |b Berita Publishing ,   |c 1994 
300 |a viiip :   |b 216p ;   |c 22 cm. 
650 0 0 |a House buying   |z Malaysia 
650 0 0 |a House buying   |z Malaysia   |x costs 
650 0 0 |a House selling   |z Malaysia 
650 0 0 |a Vendor and purchasers   |z Malaysia 
999 |a 0000005474   |b BOOK   |c Open Shelf   |e Default branch